[Event "Sharjah op blitz"]
[Site "Sharjah"]
[Date "2014.07.09"]
[Round "3"]
[White "Al Mohayri, Sabri M"]
[Black "Rafee, Mohd Hayel"]
[Result "1-0"]
[WhiteElo "2155"]
[BlackElo "1937"]
[PlyCount "61"]
[EventDate "2014.07.09"]
[EventType "swiss (blitz)"]
[EventRounds "9"]
[EventCountry "UAE"]
[SourceTitle "EXT 2016"]
[Source "ChessBase"]
[SourceDate "2015.10.08"]
[SourceVersion "1"]
[SourceVersionDate "2015.10.08"]
[SourceQuality "1"]

1. e4 c5 2. Nf3 d6 3. Bb5+ Bd7 4. Bxd7+ Qxd7 5. 0-0 g6 6. Re1 Bg7 7. c3 Nc6 8. d4 cxd4 9. cxd4 Nf6 10. Nc3 0-0 11. h3 Rfc8 12. Be3 Na5 13. Nd2 Nc4 14. Nxc4 Rxc4 15. Rc1 Rac8 16. Qb3 b6 17. a4 e6 18. f3 Ne8 19. Nb5 a6 20. Rxc4 axb5 21. axb5 Rxc4 22. Qxc4 Nc7 23. Qc6 Qxc6 24. bxc6 d5 25. e5 Bf8 26. Ra1 f6 27. Ra7 Nb5 28. Rb7 fxe5 29. dxe5 d4 30. Bf2 Bc5 31. c7 1-0

[Event "Sharjah op blitz"]
[Site "Sharjah"]
[Date "2014.07.09"]
[Round "9"]
[White "Al Mohayri, Sabri M"]
[Black "Sasikumar, Anusweud"]
[Result "1-0"]
[WhiteElo "2155"]
[BlackElo "1715"]
[PlyCount "143"]
[EventDate "2014.07.09"]
[EventType "swiss (blitz)"]
[EventRounds "9"]
[EventCountry "UAE"]
[SourceTitle "EXT 2016"]
[Source "ChessBase"]
[SourceDate "2015.10.08"]
[SourceVersion "1"]
[SourceVersionDate "2015.10.08"]
[SourceQuality "1"]

1. e4 c5 2. Nf3 d6 3. Bb5+ Bd7 4. Bxd7+ Nxd7 5. 0-0 Ngf6 6. Re1 e6 7. c3 Be7 8. d3 0-0 9. h3 a6 10. Nbd2 b5 11. Nf1 Nb6 12. Ng3 b4 13. Be3 bxc3 14. bxc3 Rc8 15. Qc2 Qc7 16. a4 a5 17. Reb1 Nfd7 18. Rb5 d5 19. Rab1 Ra8 20. e5 Rfb8 21. c4 dxc4 22. dxc4 Nxe5 23. Nxe5 Qxe5 24. Rxb6 Rxb6 25. Rxb6 Qa1+ 26. Rb1 Qe5 27. Qe4 Qxe4 28. Nxe4 Rc8 29. Rb7 Bf8 30. Rb5 f5 31. Nxc5 f4 32. Nxe6 fxe3 33. fxe3 Bb4 34. c5 Re8 35. Rb6 Kf7 36. Ng5+ Kg8 37. Rc6 h6 38. Ne6 Kf7 39. Nd4 Rxe3 40. Nb5 Re1+ 41. Kf2 Rc1 42. Rc7+ Kg8 43. c6 Bc5+ 44. Kf3 Bb6 45. Rc8+ Kh7 46. c7 Bxc7 47. Rxc7 Ra1 48. Rc4 Rf1+ 49. Kg3 Rf5 50. Nd6 Rd5 51. Ne4 Rd3+ 52. Kf4 Ra3 53. h4 Ra2 54. g4 Ra1 55. g5 Rf1+ 56. Kg4 Rg1+ 57. Ng3 hxg5 58. hxg5 g6 59. Rc7+ Kg8 60. Rc5 Rd1 61. Rxa5 Rd4+ 62. Kf3 Rd3+ 63. Kf4 Rd4+ 64. Ne4 Rd1 65. Ke5 Rd8 66. Nf6+ Kf8 67. Ra7 Rc8 68. Nd7+ Ke8 69. Kd6 Rd8 70. Ke6 Rc8 71. Nf6+ Kf8 72. Rf7# 1-0

[Event "Sharjah op blitz"]
[Site "Sharjah"]
[Date "2014.07.09"]
[Round "4"]
[White "Salem, AR Saleh"]
[Black "Al Mohayri, Sabri M"]
[Result "1-0"]
[WhiteElo "2625"]
[BlackElo "2155"]
[PlyCount "91"]
[EventDate "2014.07.09"]
[EventType "swiss (blitz)"]
[EventRounds "9"]
[EventCountry "UAE"]
[SourceTitle "EXT 2016"]
[Source "ChessBase"]
[SourceDate "2015.10.08"]
[SourceVersion "1"]
[SourceVersionDate "2015.10.08"]
[SourceQuality "1"]

1. d4 Nf6 2. c4 e6 3. Nf3 Bb4+ 4. Nbd2 0-0 5. a3 Be7 6. e4 d6 7. Bd3 Nc6 8. b4 e5 9. d5 Nb8 10. Nf1 Ne8 11. Ng3 g6 12. Bh6 Ng7 13. Qc2 f6 14. h4 Rf7 15. h5 g5 16. Bxg7 Rxg7 17. h6 Rf7 18. Nd2 Kh8 19. Ndf1 Nd7 20. Ne3 Nf8 21. Ngf5 Ng6 22. g3 Bf8 23. Be2 Bxf5 24. Nxf5 Rd7 25. Bg4 Qe8 26. Kf1 b6 27. Kg2 a5 28. Ne3 Rdd8 29. Be6 c6 30. Ng4 Be7 31. dxc6 Nf8 32. Bd5 Rdc8 33. Qd3 Ra7 34. bxa5 Rxa5 35. Rhb1 Qd8 36. Rb5 Qc7 37. Rxa5 bxa5 38. Rb1 Rb8 39. Rb7 Rxb7 40. cxb7 Qb6 41. c5 dxc5 42. Ne3 a4 43. Nc4 Qb5 44. Qf3 Nd7 45. Qf5 Nb8 46. Qc8+ 1-0

[Event "Sharjah op rapid"]
[Site "Sharjah"]
[Date "2014.07.08"]
[Round "8"]
[White "Al Housa, Khalil"]
[Black "Al Mohayri, Sabri M"]
[Result "0-1"]
[WhiteElo "1971"]
[BlackElo "2155"]
[PlyCount "147"]
[EventDate "2014.07.05"]
[EventType "swiss (rapid)"]
[EventRounds "9"]
[EventCountry "UAE"]
[SourceTitle "CBM 161 Extra"]
[Source "ChessBase"]
[SourceDate "2014.08.29"]
[SourceVersion "1"]
[SourceVersionDate "2014.08.29"]
[SourceQuality "1"]

1. d4 Nf6 2. c4 e6 3. Nc3 Bb4 4. Qb3 a5 5. a3 Be7 6. Nf3 0-0 7. e4 d6 8. Bd3 Nc6 9. Be3 e5 10. d5 Nb8 11. h3 b6 12. 0-0 Nbd7 13. Nh2 Nh5 14. Qd1 Nf4 15. Bxf4 exf4 16. Nf3 Bf6 17. Qd2 Ne5 18. Nxe5 Bxe5 19. Qe2 Bd7 20. Qf3 Qf6 21. Rab1 g5 22. Be2 h5 23. Qxh5 Kg7 24. Qf3 Rh8 25. g4 Rh4 26. Rfd1 Rah8 27. Bf1 Qh6 28. Bg2 Qf6 29. Nb5 Bxb5 30. cxb5 Bxb2 31. Rd3 Re8 32. Qe2 Bd4 33. Rc1 Bc5 34. a4 Rhh8 35. Qf3 Qb2 36. Rdd1 Re5 37. Rb1 Qa3 38. Ra1 Qxf3 39. Bxf3 Rxh3 40. Kg2 Rh8 41. Rh1 Ree8 42. Rh5 Rxh5 43. gxh5 Kh6 44. Kh3 Bxf2 45. Kg4 Bc5 46. Kf5 Bd4 47. Rc1 Re5+ 48. Kg4 Bc5 49. Rc2 Kg7 50. Rh2 f6 51. Re2 Kh6 52. Rc2 Kg7 53. Rh2 Kh7 54. Re2 Bd4 55. Rc2 Re7 56. Rd2 Bc3 57. Rc2 Be1 58. Kf5 Bh4 59. Rh2 Bg3 60. Rh3 Kh6 61. Kxf6 Re5 62. Rh1 g4 63. Bxg4 Rxe4 64. Rc1 f3 65. Bf5 Bh4+ 66. Kf7 Re7+ 67. Kf8 f2 68. Be6 Rg7 69. Bh3 Be7+ 70. Ke8 Bg5 71. Rc3 Bh4 72. Bf1 Re7+ 73. Kf8 Re1 74. Bg2 0-1

[Event "Sharjah op rapid"]
[Site "Sharjah"]
[Date "2014.07.07"]
[Round "5"]
[White "Al Mohayri, Sabri M"]
[Black "Soltan Manesh, Peyman"]
[Result "0-1"]
[WhiteElo "2155"]
[BlackElo "1827"]
[PlyCount "77"]
[EventDate "2014.07.05"]
[EventType "swiss (rapid)"]
[EventRounds "9"]
[EventCountry "UAE"]
[SourceTitle "CBM 161 Extra"]
[Source "ChessBase"]
[SourceDate "2014.08.29"]
[SourceVersion "1"]
[SourceVersionDate "2014.08.29"]
[SourceQuality "1"]

1. e4 c6 2. d4 d5 3. exd5 cxd5 4. Nf3 Nc6 5. Bd3 Bg4 6. c3 e6 7. 0-0 Nf6 8. Re1 Be7 9. Nbd2 0-0 10. h3 Bh5 11. Nf1 Rc8 12. Ng3 Bg6 13. Bxg6 hxg6 14. Bf4 b5 15. Ne5 a5 16. Qd3 b4 17. Rab1 Nd7 18. Nxd7 Qxd7 19. Nf1 Bd6 20. Bg3 Rb8 21. Nd2 a4 22. Bxd6 Qxd6 23. Nf3 Rb6 24. c4 dxc4 25. Qxc4 Rd8 26. Rbd1 Ne7 27. Re5 Rc8 28. Qe2 Rbc6 29. Qb5 Rc2 30. Qxa4 Rxb2 31. Rc5 Rd8 32. Rdc1 Nd5 33. Rc8 Nc3 34. Qa8 Rxc8 35. Qxc8+ Qf8 36. Rxc3 bxc3 37. Qxc3 Rxa2 38. Qc7 f6 39. Qc6 0-1

[Event "Sharjah op rapid"]
[Site "Sharjah"]
[Date "2014.07.06"]
[Round "3"]
[White "Al Mohayri, Sabri M"]
[Black "Rafee, Mohd Hayel"]
[Result "0-1"]
[WhiteElo "2155"]
[BlackElo "1961"]
[PlyCount "80"]
[EventDate "2014.07.05"]
[EventType "swiss (rapid)"]
[EventRounds "9"]
[EventCountry "UAE"]
[SourceTitle "CBM 161 Extra"]
[Source "ChessBase"]
[SourceDate "2014.08.29"]
[SourceVersion "1"]
[SourceVersionDate "2014.08.29"]
[SourceQuality "1"]

1. e4 c5 2. Nf3 d6 3. Bb5+ Bd7 4. Bxd7+ Qxd7 5. 0-0 Nf6 6. Re1 Nc6 7. d3 g6 8. c3 Bg7 9. Nbd2 0-0 10. h3 Rfc8 11. Nf1 b5 12. Ng3 a5 13. Be3 a4 14. Rc1 a3 15. b3 Qb7 16. Qd2 Nd7 17. d4 b4 18. d5 Nce5 19. Nxe5 bxc3 20. Rxc3 Bxe5 21. Rc2 Qb5 22. f4 Bb2 23. Qe2 Qb4 24. Rc4 Qb6 25. Qg4 Qa5 26. Rf1 Nf6 27. Qd1 Rab8 28. Kh2 Qa6 29. Bd2 Nd7 30. Rf3 Nb6 31. Rc2 c4 32. Qf1 Ra8 33. b4 Qa4 34. Qd1 c3 35. Be3 Qxb4 36. Bd4 Na4 37. e5 Rc4 38. Be3 Rcc8 39. Nh5 Qc4 40. Ng3 Qb4 0-1

[Event "Sharjah op rapid"]
[Site "Sharjah"]
[Date "2014.07.05"]
[Round "2"]
[White "Ali, Abdulaziz"]
[Black "Al Mohayri, Sabri M"]
[Result "0-1"]
[WhiteElo "1664"]
[BlackElo "2155"]
[PlyCount "70"]
[EventDate "2014.07.05"]
[EventType "swiss (rapid)"]
[EventRounds "9"]
[EventCountry "UAE"]
[SourceTitle "CBM 161 Extra"]
[Source "ChessBase"]
[SourceDate "2014.08.29"]
[SourceVersion "1"]
[SourceVersionDate "2014.08.29"]
[SourceQuality "1"]

1. e4 d6 2. d4 g6 3. c4 Bg7 4. Nc3 Nf6 5. Bd3 0-0 6. Nge2 Nbd7 7. 0-0 c5 8. Be3 Ng4 9. h3 Nxe3 10. fxe3 e5 11. Kh1 a6 12. Bc2 Rb8 13. Rf3 b5 14. cxb5 axb5 15. a4 bxa4 16. Nxa4 cxd4 17. exd4 Ba6 18. d5 Rb4 19. Nac3 Nc5 20. b3 Qb8 21. Ra3 Qb6 22. Na2 Bxe2 23. Qxe2 Rb5 24. b4 Rxb4 25. Nxb4 Qxb4 26. Ra7 Bh6 27. Rf6 Bg5 28. Rf1 Bf4 29. Rb1 Qc3 30. Qf2 Be3 31. Qe2 Nxe4 32. Bxe4 Bxa7 33. Rb7 Qc1+ 34. Kh2 Bg1+ 35. Kg3 Qf4# 0-1

[Event "Dubai op 11th"]
[Site "Dubai"]
[Date "2009.04.28"]
[Round "3"]
[White "Al Mohayri, Sabri M"]
[Black "Sundararajan, Kidambi"]
[Result "0-1"]
[WhiteElo "2190"]
[BlackElo "2487"]
[PlyCount "80"]
[EventDate "2009.04.26"]
[EventType "swiss"]
[EventRounds "9"]
[EventCountry "UAE"]
[SourceTitle "CBM 130 Extra"]
[Source "ChessBase"]
[SourceDate "2009.07.02"]
[SourceVersion "2"]
[SourceVersionDate "2009.07.15"]
[SourceQuality "1"]

1. e4 c5 2. Nf3 e6 3. c3 Nf6 4. d3 Nc6 5. Be2 d5 6. e5 Nd7 7. d4 f6 8. exf6 Nxf6 9. 0-0 Bd6 10. Be3 cxd4 11. cxd4 0-0 12. Nc3 Bd7 13. Rc1 Rc8 14. h3 Be8 15. Kh1 Bg6 16. Nh4 Bf7 17. f4 Ne4 18. Nxe4 dxe4 19. g3 Be7 20. Ng2 Bf6 21. Qa4 Ne7 22. g4 Rxc1 23. Rxc1 Nd5 24. Bg1 Qb6 25. Qb5 Bxd4 26. Qxb6 Bxb6 27. Bxb6 axb6 28. Rc4 Bg6 29. Kh2 Nxf4 30. Nxf4 Rxf4 31. Kg3 e5 32. Rc7 Kf8 33. a3 Rf6 34. Rxb7 e3 35. b3 Be4 36. Rd7 Rf2 37. Bb5 g5 38. h4 Rf3+ 39. Kg2 e2 40. Rd8+ Kg7 0-1

[Event "Arab-ch League 4th"]
[Site "Doha"]
[Date "2002.03.08"]
[Round "7"]
[White "Tiviakov, Sergei"]
[Black "Al Mohayri, Sabri M"]
[Result "1-0"]
[WhiteElo "2614"]
[BlackElo "2253"]
[PlyCount "51"]
[EventDate "2002.03.02"]
[EventType "team"]
[EventRounds "11"]
[EventCountry "QAT"]
[SourceTitle "CBM 087 Extra"]
[Source "ChessBase"]
[SourceDate "2002.05.03"]
[SourceVersion "2"]
[SourceVersionDate "2002.08.09"]
[SourceQuality "1"]

1. e4 c6 2. d4 d5 3. Nd2 dxe4 4. Nxe4 Bf5 5. Ng3 Bg6 6. Bc4 e6 7. N1e2 Bd6 8. h4 Ne7 9. h5 Bf5 10. Nxf5 Nxf5 11. Qd3 Nd7 12. Bd2 Nf6 13. 0-0-0 Qc7 14. Qf3 Nd5 15. Bd3 Nh6 16. Kb1 b5 17. g4 Ng8 18. g5 0-0-0 19. Rc1 h6 20. gxh6 Nxh6 21. c4 bxc4 22. Rxc4 Kb7 23. Rhc1 f5 24. Rxc6 Qxc6 25. Rxc6 Kxc6 26. Nc3 1-0